[Event "Penang op-A 14th"]
[Site "Penang"]
[Date "2022.12.19"]
[Round "1"]
[White "Villamayor, Buenaventura"]
[Black "Shahar, Uzair"]
[Result "1/2-1/2"]
[WhiteElo "2337"]
[BlackElo "1812"]
[PlyCount "76"]
[EventDate "2022.12.19"]
[EventType "swiss"]
[EventRounds "9"]
[EventCountry "MAS"]
[SourceTitle "CBM 211 Extra"]
[Source "ChessBase"]
[SourceDate "2023.01.31"]
[SourceVersion "1"]
[SourceVersionDate "2023.01.31"]
[SourceQuality "1"]

1. d4 Nf6 2. Nf3 g6 3. c4 Bg7 4. Nc3 0-0 5. Bg5 d6 6. e3 Nbd7 7. Qc2 b6 8. Rd1 Bb7 9. Be2 Qc8 10. 0-0 Re8 11. h3 e5 12. dxe5 dxe5 13. Nd5 Nxd5 14. cxd5 e4 15. Nd4 Bxd5 16. Nb5 Be6 17. Nxc7 Be5 18. Rc1 Qxc7 19. Qxc7 Bxc7 20. Rxc7 Nc5 21. a3 Bb3 22. Bf6 Rac8 23. Rxc8 Rxc8 24. Rc1 Rc6 25. Bd4 Bd5 26. b4 Nd3 27. Rxc6 Bxc6 28. f3 f5 29. fxe4 Bxe4 30. g4 Kf7 31. gxf5 gxf5 32. Bd1 Ke6 33. Kh2 Ne1 34. Bb3+ Bd5 35. Ba4 f4 36. Bd1 Kf5 37. exf4 Kxf4 38. Bf2 Nf3+ 1/2-1/2

[Event "Titled Tuesday intern op 01st Nov Early"]
[Site "Chess.com INT"]
[Date "2022.11.01"]
[Round "4"]
[White "Goltsev, Dmitry"]
[Black "Villamayor, Buenaventura"]
[Result "1-0"]
[WhiteElo "2232"]
[BlackElo "2337"]
[PlyCount "70"]
[EventDate "2022.11.01"]
[EventType "swiss (blitz)"]
[EventRounds "11"]
[EventCountry "USA"]
[SourceTitle "EXT 2024"]
[Source "ChessBase"]
[SourceDate "2023.10.10"]
[SourceVersion "1"]
[SourceVersionDate "2023.10.10"]
[SourceQuality "1"]

1. e4 c5 2. Nf3 Nc6 3. d4 cxd4 4. Nxd4 Nf6 5. Nc3 e5 6. Nf5 d5 7. exd5 Bxf5 8. dxc6 Qxd1+ 9. Nxd1 bxc6 10. Ne3 Bg6 11. Bc4 Bc5 12. c3 Rd8 13. 0-0 0-0 14. b4 Bxe3 15. Bxe3 Bd3 16. Bxd3 Rxd3 17. Bxa7 Ra8 18. Bc5 Rxc3 19. a4 Nd5 20. a5 Rb3 21. Rfc1 g6 22. g3 Ra6 23. Bd6 Nxb4 24. Bxe5 Nd3 25. Rc3 Rb5 26. Bf6 Nc5 27. Re1 Ne6 28. Rd3 Ra8 29. a6 Rd5 30. Ra3 Kf8 31. a7 Nc7 32. Re7 Nb5 33. Rb7 Nxa7 34. Raxa7 Rd1+ 35. Kg2 Rxa7 1-0

[Event "Titled Tuesday intern op 01st Nov Early"]
[Site "Chess.com INT"]
[Date "2022.11.01"]
[Round "3"]
[White "Villamayor, Buenaventura"]
[Black "Kosteniuk, Alexandra"]
[Result "1-0"]
[WhiteElo "2337"]
[BlackElo "2521"]
[PlyCount "157"]
[EventDate "2022.11.01"]
[EventType "swiss (blitz)"]
[EventRounds "11"]
[EventCountry "USA"]
[SourceTitle "EXT 2024"]
[Source "ChessBase"]
[SourceDate "2023.10.10"]
[SourceVersion "1"]
[SourceVersionDate "2023.10.10"]
[SourceQuality "1"]

1. e4 c6 2. d4 d5 3. Nc3 dxe4 4. Nxe4 Nf6 5. Nxf6+ exf6 6. c3 Bd6 7. Bd3 0-0 8. Qc2 Re8+ 9. Ne2 h5 10. Be3 Nd7 11. 0-0 Nf8 12. c4 Bb8 13. Rae1 Bg4 14. Ng3 h4 15. Nf5 Qc7 16. g3 Bh3 17. Bf4 Qd7 18. Rxe8 Qxe8 19. Rd1 Bxf4 20. gxf4 Bg4 21. Rc1 Ng6 22. Ne3 Bh5 23. Bxg6 fxg6 24. Re1 Qd7 25. f5 Re8 26. d5 gxf5 27. Qd2 f4 28. Nc2 Qg4+ 29. Kh1 Qf3+ 30. Kg1 h3 31. Rxe8+ Bxe8 32. Ne1 Qg4+ 33. Kf1 Qf5 34. d6 Bd7 35. Nd3 g5 36. b4 Qe4 37. Nc5 Qg2+ 38. Ke1 Qh1+ 39. Ke2 Bg4+ 40. Kd3 Qxh2 41. Kc3 f3 42. d7 Qe5+ 43. Kb3 Bxd7 44. Qxd7 h2 45. Ne6 f5 46. Nxg5 Qf6 47. Qh7+ Kf8 48. Nxf3 b5 49. Qxh2 bxc4+ 50. Kxc4 Qe6+ 51. Kc3 Qxa2 52. Qd6+ Kg8 53. Qxc6 Qxf2 54. Qd5+ Kh8 55. Qxf5 Qe3+ 56. Qd3 Qc1+ 57. Kb3 Qh1 58. Qd4+ Kg8 59. Ne5 Qh3+ 60. Qc3 Qf5 61. Qc4+ Kh8 62. Nd3 Qf3 63. Kc3 a6 64. Qd4+ Kh7 65. Qb6 Qa8 66. Nc5 Qf3+ 67. Kd4 Qf4+ 68. Ne4 Qf5 69. Qxa6 Qd7+ 70. Kc3 Qc7+ 71. Qc4 Qe5+ 72. Qd4 Qf4 73. Nc5 Qf3+ 74. Kc4 Kg8 75. Qd3 Qf4+ 76. Qd4 Qc1+ 77. Kb5 Qf1+ 78. Kc6 Qf3+ 79. Qd5+ 1-0

[Event "Titled Tuesday intern op 11th Oct Early"]
[Site "Chess.com INT"]
[Date "2022.10.11"]
[Round "1"]
[White "Azarov, Sergei Nikolaevich"]
[Black "Villamayor, Buenaventura"]
[Result "1-0"]
[WhiteElo "2562"]
[BlackElo "2337"]
[PlyCount "95"]
[EventDate "2022.10.11"]
[EventType "swiss (blitz)"]
[EventRounds "11"]
[EventCountry "USA"]
[SourceTitle "EXT 2024"]
[Source "ChessBase"]
[SourceDate "2023.10.10"]
[SourceVersion "1"]
[SourceVersionDate "2023.10.10"]
[SourceQuality "1"]

1. e4 c5 2. Nf3 Nc6 3. d4 cxd4 4. Nxd4 Nf6 5. Nc3 e5 6. Ndb5 d6 7. Bg5 a6 8. Na3 b5 9. Bxf6 gxf6 10. Nd5 f5 11. c3 Bg7 12. Bd3 Be6 13. Nxb5 axb5 14. Bxb5 Bd7 15. exf5 Nb8 16. a4 0-0 17. f6 Bxf6 18. Nxf6+ Qxf6 19. Bxd7 Nxd7 20. Qg4+ Qg6 21. Qxd7 Qe4+ 22. Kf1 Rfd8 23. Qe7 Rdb8 24. Qg5+ Kh8 25. Qf6+ Kg8 26. Qg5+ Kh8 27. Qd2 Rxa4 28. Re1 Qg6 29. b4 Rba8 30. g3 Ra2 31. Qe3 Rc2 32. Kg2 Raa2 33. Rhf1 Ra3 34. Rc1 Raxc3 35. Qxc3 Rxc3 36. Rxc3 Qe4+ 37. Rf3 Qb7 38. Rb1 Kg7 39. b5 f5 40. b6 Kf6 41. Rbb3 Ke6 42. Kg1 e4 43. Rfc3 Qd5 44. b7 Qd1+ 45. Kg2 f4 46. b8Q f3+ 47. Kh3 Qf1+ 48. Kh4 1-0

[Event "Titled Tuesday intern op 11th Oct Early"]
[Site "Chess.com INT"]
[Date "2022.10.11"]
[Round "2"]
[White "Villamayor, Buenaventura"]
[Black "Marin Ramirez, Gerardo"]
[Result "1-0"]
[WhiteElo "2337"]
[BlackElo "2141"]
[PlyCount "51"]
[EventDate "2022.10.11"]
[EventType "swiss (blitz)"]
[EventRounds "11"]
[EventCountry "USA"]
[SourceTitle "EXT 2024"]
[Source "ChessBase"]
[SourceDate "2023.10.10"]
[SourceVersion "1"]
[SourceVersionDate "2023.10.10"]
[SourceQuality "1"]

1. e4 c5 2. c3 d5 3. exd5 Qxd5 4. d4 e6 5. Nf3 Nf6 6. Be2 Be7 7. Na3 0-0 8. Nb5 Na6 9. Be3 Bd7 10. c4 Qf5 11. Bd3 Qh5 12. 0-0 cxd4 13. Bxd4 Bc6 14. Be2 Rfd8 15. h3 Bc5 16. Qb3 Ne4 17. Rad1 Qh6 18. Bxc5 Naxc5 19. Qa3 a6 20. Nbd4 Be8 21. b4 Nd7 22. c5 Ndf6 23. Bc4 Nd5 24. Rfe1 Nec3 25. Rd3 Nb5 26. Qa5 1-0

[Event "Titled Tuesday intern op 11th Oct Early"]
[Site "Chess.com INT"]
[Date "2022.10.11"]
[Round "3"]
[White "Villamayor, Buenaventura"]
[Black "Skliarov, Viktor"]
[Result "1-0"]
[WhiteElo "2337"]
[BlackElo "2384"]
[PlyCount "85"]
[EventDate "2022.10.11"]
[EventType "swiss (blitz)"]
[EventRounds "11"]
[EventCountry "USA"]
[SourceTitle "EXT 2024"]
[Source "ChessBase"]
[SourceDate "2023.10.10"]
[SourceVersion "1"]
[SourceVersionDate "2023.10.10"]
[SourceQuality "1"]

1. e4 c5 2. c3 d6 3. d4 Nf6 4. Bd3 g6 5. Nf3 Bg7 6. 0-0 0-0 7. h3 a6 8. Qe2 Nc6 9. a3 b5 10. Bg5 c4 11. Bc2 e5 12. a4 Bb7 13. b3 exd4 14. cxd4 Nb4 15. bxc4 Nxc2 16. Qxc2 Bxe4 17. Qxe4 Nxe4 18. Bxd8 Rfxd8 19. axb5 axb5 20. Rxa8 Rxa8 21. cxb5 Rb8 22. Na3 Nc3 23. Re1 d5 24. Re3 Na4 25. Rb3 Nb6 26. Nc2 Bf8 27. Ne5 Ra8 28. g4 Ra2 29. Nb4 Rd2 30. Nbc6 f6 31. Nd3 Bd6 32. Nc5 Rc2 33. Nb7 Bf8 34. Re3 Rb2 35. Re8 Rxb5 36. Nbd8 Nd7 37. Kg2 Rb6 38. Ne7+ Kg7 39. Nxd5 Rd6 40. Nc7 Kh6 41. Nf7+ Kg7 42. Nxd6 Bxd6 43. Rd8 1-0

[Event "Titled Tuesday intern op 07th Jun Early"]
[Site "Chess.com INT"]
[Date "2022.06.07"]
[Round "2"]
[White "Harish, Neeraj"]
[Black "Villamayor, Buenaventura"]
[Result "0-1"]
[WhiteElo "2075"]
[BlackElo "2349"]
[PlyCount "72"]
[EventDate "2022.06.07"]
[EventType "swiss (blitz)"]
[EventRounds "11"]
[EventCountry "USA"]
[SourceTitle "CBM 208 Extra"]
[Source "ChessBase"]
[SourceDate "2022.07.31"]
[SourceVersion "1"]
[SourceVersionDate "2022.07.31"]
[SourceQuality "1"]

1. c4 e5 2. Nc3 Nc6 3. Nf3 f5 4. g3 Nf6 5. d4 e4 6. Nh4 d6 7. Bg5 Be7 8. e3 0-0 9. Ng2 Ne8 10. Bxe7 Nxe7 11. h4 c6 12. Nf4 Nf6 13. h5 Kh8 14. Be2 d5 15. c5 b6 16. b4 a5 17. a3 Bd7 18. Kf1 axb4 19. axb4 bxc5 20. bxc5 Rxa1 21. Qxa1 Qa8 22. Qxa8 Rxa8 23. Kg2 Ra3 24. Nb1 Ra2 25. Nc3 Rc2 26. Na4 Kg8 27. Nb6 Be8 28. Ra1 g5 29. hxg6 Nxg6 30. Nxg6 Bxg6 31. Bf1 Bh5 32. Ra8+ Kg7 33. Rc8 Bf3+ 34. Kg1 Ng4 35. Rxc6 Rc1 36. Rc7+ Kg6 0-1

[Event "Titled Tuesday intern op 07th Jun Early"]
[Site "Chess.com INT"]
[Date "2022.06.07"]
[Round "5"]
[White "Samaganova, Alexandra"]
[Black "Villamayor, Buenaventura"]
[Result "0-1"]
[WhiteElo "1864"]
[BlackElo "2349"]
[PlyCount "68"]
[EventDate "2022.06.07"]
[EventType "swiss (blitz)"]
[EventRounds "11"]
[EventCountry "USA"]
[SourceTitle "CBM 208 Extra"]
[Source "ChessBase"]
[SourceDate "2022.07.31"]
[SourceVersion "1"]
[SourceVersionDate "2022.07.31"]
[SourceQuality "1"]

1. c4 e5 2. Nc3 Nc6 3. g3 f5 4. Bg2 Nf6 5. e3 e4 6. d4 Bb4 7. Nge2 0-0 8. 0-0 Kh8 9. Nf4 Bxc3 10. bxc3 d6 11. Ba3 b6 12. Rb1 Ba6 13. Ne6 Qe7 14. Nxf8 Rxf8 15. Qa4 Na5 16. Rfd1 Bxc4 17. Bb4 Nb7 18. Qxa7 Nd8 19. Ba3 Nd5 20. Rdc1 Qd7 21. Bf1 Bxf1 22. Kxf1 f4 23. exf4 Qh3+ 24. Ke2 Qg2 25. Rb2 e3 26. Kd3 exf2 27. Kc4 Ne3+ 28. Kb3 Qd5+ 29. c4 Nxc4 30. Rxc4 f1Q 31. Rbc2 b5 32. Qxc7 bxc4+ 33. Qxc4 Qd3+ 34. Rc3 Q5xc4+ 0-1

[Event "Titled Tuesday intern op 07th Jun Early"]
[Site "Chess.com INT"]
[Date "2022.06.07"]
[Round "11"]
[White "Villamayor, Buenaventura"]
[Black "Perez Gormaz, Matias Ariel"]
[Result "1/2-1/2"]
[WhiteElo "2349"]
[BlackElo "2387"]
[PlyCount "99"]
[EventDate "2022.06.07"]
[EventType "swiss (blitz)"]
[EventRounds "11"]
[EventCountry "USA"]
[SourceTitle "CBM 208 Extra"]
[Source "ChessBase"]
[SourceDate "2022.07.31"]
[SourceVersion "1"]
[SourceVersionDate "2022.07.31"]
[SourceQuality "1"]

1. e4 d5 2. exd5 Qxd5 3. Nc3 Qd8 4. d4 Nf6 5. Nf3 Bg4 6. Bc4 e6 7. h3 Bxf3 8. Qxf3 c6 9. Be3 Bb4 10. 0-0 Nbd7 11. Ne4 Nxe4 12. Qxe4 Nf6 13. Qf3 0-0 14. c3 Be7 15. Rad1 a5 16. a4 Qc7 17. Bf4 Qb6 18. b3 Rad8 19. Rfe1 Nd5 20. Be5 Bd6 21. Bxd5 cxd5 22. c4 Bxe5 23. dxe5 dxc4 24. bxc4 Qb4 25. c5 Rxd1 26. Rxd1 Qxa4 27. Rb1 Qd4 28. Qxb7 Qxc5 29. Rb5 Qc1+ 30. Kh2 a4 31. Qa7 a3 32. Ra5 a2 33. Rxa2 Qf4+ 34. g3 Qxe5 35. Ra5 Qe4 36. Ra4 Qd3 37. h4 Qf1 38. Qe3 g6 39. h5 Qd1 40. h6 Qh5+ 41. Rh4 Qd5 42. Qc3 e5 43. Rc4 Re8 44. Rc7 Qe6 45. Kg2 Qf5 46. Qb3 Qe4+ 47. Kh2 Qf5 48. Kg2 Qe4+ 49. Kh2 Qf5 50. Kg2 1/2-1/2

[Event "SIN-ch 73rd"]
[Site "Singapore"]
[Date "2022.01.28"]
[Round "4"]
[White "Goh, Wei Ming Kevin"]
[Black "Villamayor, Buenaventura"]
[Result "1-0"]
[WhiteElo "2471"]
[BlackElo "2358"]
[PlyCount "67"]
[EventDate "2022.01.21"]
[EventType "swiss"]
[EventRounds "9"]
[EventCountry "SIN"]
[SourceTitle "EXT 2023"]
[Source "ChessBase"]
[SourceDate "2022.10.05"]
[SourceVersion "1"]
[SourceVersionDate "2022.10.05"]
[SourceQuality "1"]

1. e4 g6 2. d4 Bg7 3. Nf3 d6 4. Bc4 c5 5. c3 cxd4 6. Qb3 e6 7. cxd4 Ne7 8. Nc3 0-0 9. Bg5 h6 10. Bh4 Nbc6 11. Qd1 g5 12. Bg3 d5 13. exd5 exd5 14. Be2 Nf5 15. 0-0 Ncxd4 16. Nxd4 Nxd4 17. Bd3 Be6 18. f4 f5 19. Qd2 Qf6 20. Bf2 Rad8 21. Rad1 Nc6 22. Bc5 Rf7 23. Bb5 d4 24. Ne2 b6 25. Ba3 Bxa2 26. Ng3 Bd5 27. Bd3 gxf4 28. Rxf4 Qg5 29. Nxf5 Ne5 30. h4 Qh5 31. Rdf1 Nxd3 32. Qxd3 Be5 33. g4 Rxf5 34. gxh5 1-0

[Event "Asia Nations online Cup"]
[Site "Chess.com INT"]
[Date "2020.10.18"]
[Round "8.6"]
[White "Ahmad, Al Khatib"]
[Black "Villamayor, Buenaventura"]
[Result "0-1"]
[WhiteElo "2254"]
[BlackElo "2375"]
[PlyCount "66"]
[EventDate "2020.10.10"]
[EventType "team-swiss (rapid)"]
[EventRounds "9"]
[EventCountry "IND"]
[SourceTitle "CBM 198 Extra"]
[Source "ChessBase"]
[SourceDate "2020.11.30"]
[SourceVersion "1"]
[SourceVersionDate "2020.11.30"]
[SourceQuality "1"]
[WhiteTeam "Jordan"]
[BlackTeam "Singapore"]
[WhiteTeamCountry "JOR"]
[BlackTeamCountry "SIN"]

1. Nf3 g6 2. g3 Bg7 3. Bg2 c5 4. 0-0 Nc6 5. e4 e6 6. c3 Nge7 7. d4 cxd4 8. cxd4 d5 9. e5 0-0 10. Nc3 Bd7 11. h4 h6 12. Bf4 Nf5 13. Qd2 Kh7 14. Bh3 Rc8 15. Bxf5 gxf5 16. Kh2 Rg8 17. Rg1 Bf8 18. Qe2 Rg4 19. Nd1 Qb6 20. Ne3 Rg6 21. Rad1 Nb4 22. Kg2 Bb5 23. Ng5+ hxg5 24. Qh5+ Kg8 25. hxg5 Bg7 26. Rh1 Kf8 27. g4 Nd3 28. Kg3 Nxf4 29. Kxf4 Be2 30. Rc1 Qxd4+ 31. Kg3 Bxe5+ 32. Kg2 Qe4+ 33. Kg1 Rxc1+ 0-1

[Event "Asia Nations online Cup"]
[Site "Chess.com INT"]
[Date "2020.10.10"]
[Round "3.1"]
[White "Khusnutdinov, Rustam"]
[Black "Villamayor, Buenaventura"]
[Result "1-0"]
[WhiteElo "2491"]
[BlackElo "2375"]
[PlyCount "69"]
[EventDate "2020.10.10"]
[EventType "team-swiss (rapid)"]
[EventRounds "9"]
[EventCountry "IND"]
[SourceTitle "CBM 198 Extra"]
[Source "ChessBase"]
[SourceDate "2020.11.30"]
[SourceVersion "1"]
[SourceVersionDate "2020.11.30"]
[SourceQuality "1"]
[WhiteTeam "Kazakhstan"]
[BlackTeam "Singapore"]
[WhiteTeamCountry "KAZ"]
[BlackTeamCountry "SIN"]

1. e4 g6 2. d4 Bg7 3. Nc3 c5 4. dxc5 Bxc3+ 5. bxc3 Qa5 6. Ne2 Qxc5 7. Qd4 Qxd4 8. cxd4 Nf6 9. f3 b6 10. Bg5 d6 11. Bxf6 exf6 12. Nf4 Be6 13. Kd2 Ke7 14. a4 g5 15. Ne2 Na6 16. a5 Nc7 17. h4 h6 18. hxg5 fxg5 19. Ng3 b5 20. Bd3 a6 21. Rh2 d5 22. Rah1 Rad8 23. e5 Rb8 24. Rxh6 Rxh6 25. Rxh6 b4 26. Nf5+ Bxf5 27. Bxf5 b3 28. cxb3 Rxb3 29. Rd6 Ne6 30. Bxe6 fxe6 31. Rxa6 Kd7 32. Rd6+ Ke7 33. Rb6 Ra3 34. a6 Kf7 35. Kc2 1-0

[Event "Penang op 11th"]
[Site "Penang"]
[Date "2019.12.13"]
[Round "7"]
[White "Villamayor, Buenaventura"]
[Black "Korneev, Oleg"]
[Result "1/2-1/2"]
[WhiteElo "2372"]
[BlackElo "2524"]
[PlyCount "22"]
[EventDate "2019.12.09"]
[EventType "swiss"]
[EventRounds "9"]
[EventCountry "MAS"]
[SourceTitle "CBM 193 Extra"]
[Source "ChessBase"]
[SourceDate "2020.01.31"]
[SourceVersion "1"]
[SourceVersionDate "2020.01.31"]
[SourceQuality "1"]

1. Nf3 d5 2. d4 Nf6 3. c4 e6 4. Nc3 c6 5. e3 Nbd7 6. Qc2 Bd6 7. e4 Nxe4 8. Nxe4 dxe4 9. Qxe4 e5 10. dxe5 0-0 11. exd6 Re8 1/2-1/2

[Event "Penang op 11th"]
[Site "Penang"]
[Date "2019.12.11"]
[Round "5"]
[White "Setyaki, Azarya Jodi"]
[Black "Villamayor, Buenaventura"]
[Result "1-0"]
[WhiteElo "2388"]
[BlackElo "2372"]
[PlyCount "134"]
[EventDate "2019.12.09"]
[EventType "swiss"]
[EventRounds "9"]
[EventCountry "MAS"]
[SourceTitle "CBM 193 Extra"]
[Source "ChessBase"]
[SourceDate "2020.01.31"]
[SourceVersion "1"]
[SourceVersionDate "2020.01.31"]
[SourceQuality "1"]

1. e4 e6 2. d4 d5 3. Nc3 Bb4 4. e5 c5 5. a3 Bxc3+ 6. bxc3 Ne7 7. Qg4 Qa5 8. Bd2 0-0 9. Bd3 Nf5 10. Nf3 c4 11. Be2 Nc6 12. Qh5 f6 13. exf6 Rxf6 14. 0-0 Bd7 15. Rfb1 b6 16. a4 Raf8 17. Be1 Nd6 18. Qg5 Rf4 19. Ne5 R4f5 20. Nxc6 Bxc6 21. Qe7 Nf7 22. Qxe6 Rf6 23. Qe3 Re8 24. Qd2 Nd6 25. f3 Rfe6 26. Bf1 Nf5 27. Bf2 Ne3 28. Rb4 Nxf1 29. Kxf1 b5 30. Bg3 bxa4 31. Be5 Qd8 32. Rab1 Qh4 33. Qe1 Qh5 34. Qd2 h6 35. h3 a6 36. Ke1 Bb5 37. Ra1 Qh4+ 38. Kd1 Qh5 39. Kc1 Qf7 40. Kb2 Qd7 41. Ka2 R8e7 42. f4 Qe8 43. Re1 Qh5 44. Re3 Rb7 45. g4 Qf7 46. f5 Reb6 47. Re1 a5 48. Rbb1 a3 49. Qc1 Ba4 50. Rxb6 Rxb6 51. Qxa3 Bxc2 52. Re2 Rb3 53. Qc5 Qd7 54. Qxa5 Rb7 55. Rxc2 Ra7 56. Qxa7 Qxa7+ 57. Kb1 Qa3 58. h4 Kf7 59. g5 hxg5 60. hxg5 g6 61. f6 Ke6 62. Bf4 Qb3+ 63. Kc1 Kf5 64. Bd6 Ke4 65. f7 Kd3 66. Rd2+ Ke3 67. Bf4+ Ke4 1-0

[Event "Penang op 11th"]
[Site "Penang"]
[Date "2019.12.09"]
[Round "1"]
[White "Teh, Wee Zhun"]
[Black "Villamayor, Buenaventura"]
[Result "0-1"]
[WhiteElo "1898"]
[BlackElo "2372"]
[PlyCount "59"]
[EventDate "2019.12.09"]
[EventType "swiss"]
[EventRounds "9"]
[EventCountry "MAS"]
[SourceTitle "CBM 193 Extra"]
[Source "ChessBase"]
[SourceDate "2020.01.31"]
[SourceVersion "1"]
[SourceVersionDate "2020.01.31"]
[SourceQuality "1"]

1. d4 Nf6 2. c4 e6 3. Nf3 d5 4. Nc3 c6 5. e3 Nbd7 6. b3 Bb4 7. Bd2 0-0 8. Bd3 Qe7 9. 0-0 dxc4 10. bxc4 e5 11. Bc2 Bd6 12. Rb1 Re8 13. h3 h6 14. Re1 e4 15. Nh2 Nf8 16. d5 cxd5 17. cxd5 Qe5 18. Nf1 Qg5 19. f4 exf3 20. Qxf3 Ng6 21. e4 Bc5+ 22. Kh1 Qh4 23. Be3 Bxe3 24. Qxe3 Bd7 25. Qg3 Qxg3 26. Nxg3 Rac8 27. Re3 b6 28. Rbe1 Ne5 29. Bb3 Rc5 30. Nf5 0-1

[Event "Pattaya Thailand op 2nd"]
[Site "Pattaya"]
[Date "2019.10.30"]
[Round "9"]
[White "Villamayor, Buenaventura"]
[Black "Pugachov, Ilia"]
[Result "1-0"]
[WhiteElo "2371"]
[BlackElo "2138"]
[PlyCount "97"]
[EventDate "2019.10.23"]
[EventType "swiss"]
[EventRounds "9"]
[EventCountry "THA"]
[SourceTitle "CBM 192 Extra"]
[Source "Chessbase"]
[SourceDate "2019.11.06"]
[SourceVersion "1"]
[SourceVersionDate "2019.11.06"]
[SourceQuality "1"]

1. d4 Nf6 2. Nf3 e6 3. c4 d5 4. Nc3 Nbd7 5. e3 c6 6. Bd3 dxc4 7. Bxc4 b5 8. Be2 a6 9. e4 c5 10. e5 cxd4 11. Qxd4 Bc5 12. Qf4 Nd5 13. Nxd5 exd5 14. 0-0 Nf8 15. Ng5 Be6 16. Bd3 Qe7 17. Bd2 Ng6 18. Qg3 Bd4 19. Rae1 Qd7 20. Kh1 Ne7 21. Nxe6 Qxe6 22. Qh4 Bb6 23. f4 Bd8 24. g4 Qc8 25. Qh3 Nc6 26. e6 fxe6 27. Qh5+ Kf8 28. f5 e5 29. f6 gxf6 30. Bh6+ Ke7 31. Bg7 Rg8 32. Bxf6+ Kd6 33. Bxe5+ Kc5 34. Rc1+ Kb6 35. Bd4+ Kb7 36. Rf7+ Bc7 37. Qxd5 Qe8 38. Be4 Rg6 39. Be5 Rc8 40. Bxc7 Rxc7 41. Rxc7+ Kxc7 42. Bxg6 Qxg6 43. h4 Qh6 44. Rxc6+ Qxc6 45. Qxc6+ Kxc6 46. Kg2 Kd5 47. Kf3 Ke5 48. b4 Ke6 49. Ke4 1-0

[Event "Pattaya Thailand op 2nd"]
[Site "Pattaya"]
[Date "2019.10.27"]
[Round "6"]
[White "Yaniuk, Volodymyr"]
[Black "Villamayor, Buenaventura"]
[Result "1/2-1/2"]
[WhiteElo "2189"]
[BlackElo "2371"]
[PlyCount "173"]
[EventDate "2019.10.23"]
[EventType "swiss"]
[EventRounds "9"]
[EventCountry "THA"]
[SourceTitle "CBM 192 Extra"]
[Source "Chessbase"]
[SourceDate "2019.11.06"]
[SourceVersion "1"]
[SourceVersionDate "2019.11.06"]
[SourceQuality "1"]

1. d4 Nf6 2. c4 e6 3. g3 Bb4+ 4. Bd2 Qe7 5. Bg2 Nc6 6. e3 d5 7. a3 Bxd2+ 8. Nxd2 0-0 9. Ne2 Rd8 10. 0-0 e5 11. cxd5 Nxd5 12. e4 Nf6 13. d5 Nb8 14. Nc3 Nbd7 15. Nc4 Nb6 16. Ne3 Bd7 17. Rc1 Ne8 18. f4 Nd6 19. Qe2 Rac8 20. Rce1 f6 21. Kh1 Qe8 22. Nf5 Nxf5 23. exf5 exf4 24. Qd3 Qf8 25. Rxf4 Re8 26. Ref1 Re5 27. a4 Rce8 28. a5 Nc8 29. Qc4 Nd6 30. Qxc7 Bxf5 31. Qc5 Bd3 32. Rg1 a6 33. Qd4 Bf5 34. h3 Qe7 35. Kh2 Re3 36. Rf3 Rxf3 37. Bxf3 Qe3 38. Qxe3 Rxe3 39. Bg2 Kf7 40. Rc1 Ke8 41. g4 Bd7 42. Kg1 Rd3 43. Rc2 f5 44. gxf5 Bxf5 45. Re2+ Kf7 46. Kh2 Kf6 47. Rf2 Rd4 48. Re2 g6 49. Rf2 Ke7 50. Bh1 Kd7 51. Bg2 Rb4 52. Bf1 Rd4 53. Bg2 Nc4 54. b4 Ne5 55. b5 Rc4 56. bxa6 bxa6 57. Nd1 Nd3 58. Rd2 Nf4 59. Ne3 Ra4 60. Nxf5 gxf5 61. Bf1 Rxa5 62. Rf2 Nxd5 63. Rxf5 Ra2+ 64. Kg3 Ne3 65. Rf3 Nxf1+ 66. Rxf1 Ke6 67. Rf8 Ra5 68. Rh8 h5 69. Rh6+ Kd7 70. Rh7+ Ke8 71. Ra7 Ra4 72. h4 Kd8 73. Rf7 Rg4+ 74. Kh3 Rb4 75. Rf6 Rb3+ 76. Kg2 a5 77. Rf5 a4 78. Rxh5 Kc7 79. Ra5 a3 80. h5 Kb6 81. Ra8 Rb2+ 82. Kg3 Rb3+ 83. Kg4 Rb4+ 84. Kg5 Rb5+ 85. Kg6 Ra5 86. Rb8+ Kc5 87. Rb1 1/2-1/2